| 000 | 00327nam a22001337a 4500 | ||
|---|---|---|---|
| 020 | _a8178089904 | ||
| 082 |
_a670. _bKAL./MA |
||
| 100 |
_aKalpakjian,Serope _91351 |
||
| 245 | _aManufacturing Processes for Engineering Materials | ||
| 250 | _a4 th | ||
| 260 |
_aDelhi _bPearsion Education _c2004 |
||
| 300 | _a954 | ||
| 942 | _cBBS | ||
| 999 |
_c14749 _d14749 |
||